000 04635cam a22005774a 4500
001 15127579
005 20080307084944.0
008 080104s2008 njua |rb 001 0 eng
010 _a 2008270102
020 _a0470121645
020 _a9780470121641
040 _aDLC
_cDLC
_dDLC
050 0 0 _aHD69.P75
_bP7288 2008
082 _222
_a658.404
_bMAN
100 _aMantel, Samuel J.
_911904
245 0 0 _aProject Management in Practice /
_cSamuel J. Mantel, Jr. ... [et al.].
250 _a3rd ed.
260 _aHoboken, NJ :
_bJ. Wiley, 2008
_cc2008.
300 _axvii, 312 p. :
_bill. (some col.) ;
_c26 cm. +
_e2 CD-ROMs (4 3/4 in.)
504 _aIncludes bibliographical references and index.
650 0 _aProject management.
_911905
653 _bBus
700 1 _aMantel, Samuel J.
_911906
730 0 2 _aCrystal ball (Computer file)
_911907
730 0 2 _aMicrosoft Project.
_911908
856 4 2 _3Contributor biographical information
_uhttp://www.loc.gov/catdir/enhancements/fy0814/2008270102-b.html
856 4 2 _3Publisher description
_uhttp://www.loc.gov/catdir/enhancements/fy0814/2008270102-d.html
856 4 1 _3Table of contents only
_uhttp://www.loc.gov/catdir/enhancements/fy0814/2008270102-t.html
942 _2ddc
_cBB
999 _c13509
_d13509